000 01222cab a22002055a 4500
001 L150766
008 100901e20100827xxk 000 0 eng d
035 _a(Sirsi) u150766
041 0 _aeng
100 1 _aShah, Aditi
245 0 0 _aMarkets
_bNorth London
260 _c2010
490 0 _aProperty Week
_v76(34) 27 August 2010, 39-42(4)
520 _aDevelopment Securities, owner of the now empty Oriental City shopping centre in Colindale, may submit a new planning application in 2011 to revive the site. Developer Dandara intends to submit revised plans in 2011 for its Harrow residential scheme. Plans for the 178 acre Lee Valley regeneration site, Meridian Water, will be assessed this autumn. Quintain is preparing plans for a mixed-use development, phase two of its Wembley City scheme. Competition hots up to secure prelets for Enfield's 1.2m+ sq ft of available industrial space. Despite a fall in actual rents in some parts of north London retail landlords are not reducing their asking rents.
590 _aKA
651 4 _aLondon
690 _aPROPERTY-COMMERCIAL PROPERTY-COMMERCIAL PROPERTY MARKET
690 _aPROPERTY-COMMERCIAL PROPERTY-COMMERCIAL PROPERTY FINANCE AND INVESTMENT
942 _n0
999 _c82636
_d82636